Biggest cities in the EU. A-Z - Statistics

General Stats
  • This quiz has been taken 392 times
  • The average score is 19 of 23
Answer Stats
Letter Country City % Correct
A NETHERLANDS AMSTERDAM
100%
B GERMANY BERLIN
98%
M SPAIN MADRID
96%
P FRANCE PARIS
95%
W POLAND WARSAW
95%
R ITALY ROME
94%
V AUSTRIA VIENNA
94%
F GERMANY FRANKFURT
93%
H GERMANY HAMBURG
93%
Z CROATIA ZAGREB
93%
S BULGARIA SOFIA
92%
K POLAND KRAKOW
90%
N ITALY NAPLES
90%
C GERMANY COLOGNE
88%
T ITALY TURIN
87%
D GERMANY DUSSELDORF
84%
G ITALY GENOA
79%
E GERMANY ESSEN
75%
U NETHERLANDS UTRECHT
74%
L GERMANY LEIPZIG
59%
O CZECH REPUBLIC OSTRAVA
39%
J SPAIN JEREZ
37%
I GERMANY INGOLSTADT
23%
No matching quizzes found
Score Distribution
Percent of People with Each Score
Percentile by Number Answered
Your Score History
You have not taken this quiz